| 000 | 00593nam a22002057a 4500 | ||
|---|---|---|---|
| 001 | 31453 | ||
| 003 | BD-RjUL | ||
| 005 | 20211209051713.0 | ||
| 008 | 140416s1965 ii ||||| |||| 00| 0 eng d | ||
| 035 | _a(BD-RjUL)31541 | ||
| 040 |
_aBD-RjUL _beng _cBD-RjUL _dBD-RjUL |
||
| 041 | _aeng | ||
| 082 |
_a181.4 _bSHP 1965 |
||
| 100 |
_a Sharma , B S _995699 |
||
| 245 |
_aThe political philosophy of M. N. Roy _cB. S. Sharma. |
||
| 260 |
_aDelhi : _bNational Pub. House , _c1965 |
||
| 300 |
_a147 p. : _c 22 cm. |
||
| 650 |
_a Roy, M. N. -- (Manabendra Nath), -- 1887-1954. _995700 |
||
| 942 |
_2ddc _cBK |
||
| 999 |
_c31453 _d31453 |
||